LEADER 00885nam0-2200313---450- 001 990009183370403321 005 20100507113908.0 010 $a978-0-691-12237-3 035 $a000918337 035 $aFED01000918337 035 $a(Aleph)000918337FED01 035 $a000918337 100 $a20100507d2009----km-y0itay50------ba 101 0 $aeng 102 $aUS 105 $aa-------001yy 200 1 $aFamine$ea short history$fCormac Ó Gráda 210 $aPrinceton and Oxford$cPrinceton University Press$d2009 215 $axiii, 327 p.$cill.$d22 cm 610 0 $aCarestie$aApprovvigionamento alimentare 676 $a363.809$v21$zita 700 1$aÓ Gráda,$bCormac$f<1945- >$0410724 801 0$aIT$bUNINA$gREICAT$2UNIMARC 901 $aBK 912 $a990009183370403321 952 $aIX G 51$b45512$fFSPBC 959 $aFSPBC 996 $aFamine$952910 997 $aUNINA LEADER 02499nam 2200589Ia 450 001 9910450043103321 005 20200520144314.0 010 $a1-280-50827-2 010 $a9786610508273 010 $a1-84544-234-2 035 $a(CKB)1000000000032624 035 $a(EBL)233839 035 $a(OCoLC)191038877 035 $a(SSID)ssj0000502833 035 $a(PQKBManifestationID)11326697 035 $a(PQKBTitleCode)TC0000502833 035 $a(PQKBWorkID)10527978 035 $a(PQKB)11480076 035 $a(MiAaPQ)EBC233839 035 $a(Au-PeEL)EBL233839 035 $a(CaPaEBR)ebr10085700 035 $a(CaONFJC)MIL50827 035 $a(OCoLC)133167712 035 $a(EXLCZ)991000000000032624 100 $a20000815d2005 uy 0 101 0 $aeng 135 $aur|n|---||||| 181 $ctxt 182 $cc 183 $acr 200 00$aAuditing standards and perceptions$b[electronic resource] /$fGuest editor: Dr. Spiros Gounaris 210 $aBradford, England $cEmerald Group Publishing$dc2005 215 $a1 online resource (105 p.) 225 0 $aManagerial auditing journal ;$vv.20, no. 1 300 $aDescription based upon print version of record. 311 $a1-84544-072-2 327 $aCONTENTS; EDITORIAL ADVISORY BOARD; The effect of audit outcomes on evaluators' perceptions; Audit anticipation: does it impact job performance?; Investment appraisal under conditions of continuous and discrete cash flows and discounting; Auditing standards in Poland: past, present and future; Earnings management: evidence from SFAS No. 142 reporting; Real-option valuation of research and development investments; Auditors' perception of fraud risk indicators; Audit quality and earnings management for Taiwan IPO firms 330 $aPerformance evaluation is arguably one of the most important processes in publicaccounting. Auditors are often evaluated on every engagement, and such evaluationsbecome a primary input into periodic evaluations made for the purpose of promotionsand raises (Wright, 1980; Hunt, 1995). 606 $aAuditing, Internal 606 $aManagement audit 608 $aElectronic books. 615 0$aAuditing, Internal. 615 0$aManagement audit. 676 $a657.458 701 $aGounaris$b Spiros$0996481 801 0$bMiAaPQ 801 1$bMiAaPQ 801 2$bMiAaPQ 906 $aBOOK 912 $a9910450043103321 996 $aAuditing standards and perceptions$92284525 997 $aUNINA LEADER 03234nam 2200697 a 450 001 9910974693703321 005 20251116215354.0 010 $a1-280-85759-5 010 $a9786610857593 010 $a0-8213-6596-7 024 7 $a10.1596/978-0-8213-6595-3 035 $a(CKB)1000000000470150 035 $a(EBL)459351 035 $a(OCoLC)228171919 035 $a(SSID)ssj0000085725 035 $a(PQKBManifestationID)11120979 035 $a(PQKBTitleCode)TC0000085725 035 $a(PQKBWorkID)10010428 035 $a(PQKB)11049012 035 $a(MiAaPQ)EBC459351 035 $a(Au-PeEL)EBL459351 035 $a(CaPaEBR)ebr10176224 035 $a(CaONFJC)MIL85759 035 $a(The World Bank)123416882 035 $a(The World Bank)ocn123416882 035 $a(US-djbf)14859614 035 $a(EXLCZ)991000000000470150 100 $a20070522d2007 uf 0 101 0 $aeng 135 $aurcn||||||||| 181 $ctxt$2rdacontent 182 $cc$2rdamedia 183 $acr$2rdacarrier 200 10$aCapacity building in economics education and research /$fFrancois Bourguignon, Yehuda Elkana, and Boris Pleskovic, editors 205 $a1st ed. 210 $aWashington, D.C. $cWorld Bank$dc2007 215 $axi, 352 pages $cillustrations ;$d26 cm 300 $aThe Central European University and the World Bank jointly organized a conference entitled "Scaling Up Capacity Building in Economics Education and Research : Lessons Learned and Future Directions," which took place at the CEU campus in Budapest, Hungary, on June 14-15, 2005. 311 08$a0-8213-6595-9 320 $aIncludes bibliographical references. 327 $aContents; Foreword; Acknowledgments; Introduction; Opening Remarks; Opening Remarks; Keynote Address: Disciplines of Social Sciences: Separation or Cooperation?; Lessons of Experience and Future Directions; Regional Perspectives; Developing Graduate Economics Education Programs; Scaling Up Capacity Building to Underserved Regions 330 $aThis book presents papers from the conference on ""Scaling up the Success of Capacity Building in Economic Education and Research,"" which took place in Budapest at the Central European University campus. It includes contributions from key researchers, academics and policy makers from Europe, the United States, and developing countries that identify and brainstorm on capacity building challenges. 410 0$aWorld Bank e-Library. 606 $aEconomics$xStudy and teaching (Higher)$zDeveloping countries$vCongresses 606 $aEconomics$xResearch$zDeveloping countries$vCongresses 606 $aEconomists$xTraining of$zDeveloping countries$vCongresses 615 0$aEconomics$xStudy and teaching (Higher) 615 0$aEconomics$xResearch 615 0$aEconomists$xTraining of 676 $a330.071/11724 701 $aBourguignon$b Franc?ois$0374856 701 $aElkana$b Yehuda$f1934-$045132 701 $aPleskovic$b Boris$0126701 712 02$aWorld Bank. 801 0$bMiAaPQ 801 1$bMiAaPQ 801 2$bMiAaPQ 906 $aBOOK 912 $a9910974693703321 996 $aCapacity building in economics education and research$94541511 997 $aUNINA